|
|
|
|
| LEADER |
00000cam a2200000 c 4500 |
| 001 |
026983494 |
| 003 |
DE-627 |
| 005 |
20251219212149.0 |
| 007 |
tu |
| 008 |
900503s1989 gw ||||| 00| ||ger c |
| 015 |
|
|
|a 89,N08,0056
|2 dnb
|
| 015 |
|
|
|a 89,N08,0056
|2 dnb
|
| 016 |
7 |
|
|a 890193924
|2 DE-101
|
| 020 |
|
|
|a 3497011649
|9 3-497-01164-9
|
| 035 |
|
|
|a (DE-627)026983494
|
| 035 |
|
|
|a (DE-576)017381037
|
| 035 |
|
|
|a (DE-599)GBV026983494
|
| 035 |
|
|
|a (OCoLC)21484122
|
| 035 |
|
|
|a (OCoLC)247559631
|
| 035 |
|
|
|a (OCoLC)21484122
|
| 040 |
|
|
|a DE-627
|b ger
|c DE-627
|e rakwb
|
| 041 |
|
|
|a ger
|
| 044 |
|
|
|c XA-DE
|
| 050 |
|
0 |
|a RJ506.A35
|
| 082 |
0 |
|
|a 155.232
|q OCLC
|
| 084 |
|
|
|a PSY 150 (10)
|2 sfb
|
| 084 |
|
|
|a PSY 310 (90)
|2 sfb
|
| 084 |
|
|
|a 11
|2 sdnb
|
| 084 |
|
|
|a CP 3800
|2 rvk
|0 (DE-625)rvk/18982:
|
| 084 |
|
|
|a DT 7000
|2 rvk
|0 (DE-625)rvk/20035:761
|
| 084 |
|
|
|a CQ 5000
|2 rvk
|0 (DE-625)rvk/19007:
|
| 084 |
|
|
|a CX 4500
|2 rvk
|0 (DE-625)rvk/19216:
|
| 084 |
|
|
|a CP 3500
|2 rvk
|0 (DE-625)rvk/18979:
|
| 100 |
1 |
|
|a Merkens, Luise
|4 aut
|
| 245 |
1 |
0 |
|a Aggressivität im Kindes- und Jugendalter
|b Entstehung, Ausdrucksformen, Interventionen
|c Luise Merkens
|
| 264 |
|
1 |
|a München [u.a.]
|b Reinhardt Verl.
|c 1989
|
| 300 |
|
|
|a 113 S
|b Ill., graph. Darst
|
| 336 |
|
|
|a Text
|b txt
|2 rdacontent
|
| 337 |
|
|
|a ohne Hilfsmittel zu benutzen
|b n
|2 rdamedia
|
| 338 |
|
|
|a Band
|b nc
|2 rdacarrier
|
| 500 |
|
|
|a Literaturverz. S. 109 - 111
|
| 650 |
|
0 |
|a Aggression
|x In infancy and childhood
|
| 650 |
|
0 |
|a Aggression
|x In adolescence
|
| 650 |
|
0 |
|a Aggressiveness in children
|
| 650 |
|
0 |
|a Aggressiveness in adolescence
|
| 650 |
|
4 |
|a Aggression
|
| 650 |
|
4 |
|a Trieb
|
| 650 |
|
4 |
|a Affektive Entwicklung
|
| 650 |
|
4 |
|a Psychologische Theorie
|
| 650 |
|
4 |
|a Sozialisation
|
| 650 |
|
4 |
|a Kind
|
| 650 |
|
4 |
|a Individuelle Entwicklung
|
| 689 |
0 |
0 |
|d s
|0 (DE-588)4000732-7
|0 (DE-627)106400215
|0 (DE-576)208839216
|a Aggression
|2 gnd
|
| 689 |
0 |
1 |
|d s
|0 (DE-588)4014963-8
|0 (DE-627)106338218
|0 (DE-576)208909990
|a Entwicklungspsychologie
|2 gnd
|
| 689 |
0 |
|
|5 DE-101
|
| 689 |
1 |
0 |
|d s
|0 (DE-588)4028859-6
|0 (DE-627)104419199
|0 (DE-576)208979859
|a Jugend
|2 gnd
|
| 689 |
1 |
1 |
|d s
|0 (DE-588)4141621-1
|0 (DE-627)105618969
|0 (DE-576)209712791
|a Aggressivität
|2 gnd
|
| 689 |
1 |
2 |
|d s
|0 (DE-588)4030550-8
|0 (DE-627)104360100
|0 (DE-576)208988165
|a Kind
|2 gnd
|
| 689 |
1 |
|
|5 (DE-627)
|
| 889 |
|
|
|w (DE-627)022468536
|
| 889 |
|
|
|w (DE-627)355531860
|
| 935 |
|
|
|i mdedup
|
| 935 |
|
|
|i Blocktest
|
| 936 |
r |
v |
|a CP 3800
|b Aggression, Frustration
|k Psychologie
|k Allgemeine Psychologie
|k Konflikt, Angst, Aggression, Frustration, Stress
|k Aggression, Frustration
|0 (DE-627)1270707809
|0 (DE-625)rvk/18982:
|0 (DE-576)200707809
|
| 936 |
r |
v |
|a DT 7000
|b Allgemeines und Deutschland
|k Pädagogik
|k Heilpädagogik, Sonderpädagogik
|k Förderschwerpunkte
|k Verhaltensstörung, Verhaltensauffälligkeit
|k Allgemeines und Übergreifendes
|k Allgemeines und Deutschland
|0 (DE-627)1270711164
|0 (DE-625)rvk/20035:761
|0 (DE-576)200711164
|
| 936 |
r |
v |
|a CQ 5000
|b Entwicklung spezieller Verhaltensweisen und Funktionen
|k Psychologie
|k Entwicklungspsychologie
|k Entwicklung spezieller Verhaltensweisen und Funktionen
|0 (DE-627)1271480107
|0 (DE-625)rvk/19007:
|0 (DE-576)201480107
|
| 936 |
r |
v |
|a CX 4500
|b Schulpsychologie
|k Psychologie
|k Pädagogische Psychologie
|k Schulpsychologie
|0 (DE-627)1270711180
|0 (DE-625)rvk/19216:
|0 (DE-576)200711180
|
| 936 |
r |
v |
|a CP 3500
|b Zusammenfassendes und allgemeine Darstellungen
|k Psychologie
|k Allgemeine Psychologie
|k Konflikt, Angst, Aggression, Frustration, Stress
|k Zusammenfassendes und allgemeine Darstellungen
|0 (DE-627)1429797266
|0 (DE-625)rvk/18979:
|0 (DE-576)359797261
|
| 938 |
1 |
0 |
|0 (DE-627)1756240051
|0 (DE-615)6604570
|a Entwicklungspsychologie
|2 fivt
|
| 938 |
1 |
0 |
|0 (DE-627)1756151512
|0 (DE-615)6603091
|a Jugendliche/Junge Menschen
|2 fivt
|
| 938 |
1 |
0 |
|0 (DE-627)1756182345
|0 (DE-615)6605854
|a Aggressivität
|2 fivt
|
| 938 |
1 |
0 |
|0 (DE-627)1756139539
|0 (DE-615)6604230
|a Kinder
|2 fivt
|
| 951 |
|
|
|a BO
|
| ELC |
|
|
|b 1
|
| LOK |
|
|
|0 000 xxxxxcx a22 zn 4500
|
| LOK |
|
|
|0 001 3317968168
|
| LOK |
|
|
|0 003 DE-627
|
| LOK |
|
|
|0 004 026983494
|
| LOK |
|
|
|0 005 20020607000000
|
| LOK |
|
|
|0 008 921222||||||||||||||||ger|||||||
|
| LOK |
|
|
|0 040
|a DE-21-110
|c DE-627
|d DE-21-110
|
| LOK |
|
|
|0 852
|a DE-21-110
|
| LOK |
|
|
|0 852 1
|c M VI 123
|m p
|9 00
|
| LOK |
|
|
|0 935
|a k110
|
| LOK |
|
|
|0 936ln
|a 8.6.5
|
| LOK |
|
|
|0 938
|k p
|
| LOK |
|
|
|0 939
|a 22-12-92
|b l01
|
| ORI |
|
|
|a SA-MARC-krimdoka001.raw
|
| SIG |
|
|
|a IFK: M VI 123
|